The margarita poems /
Shranjeno v:
| Glavni avtor: | |
|---|---|
| Format: | Neznan |
| Jezik: | English |
| Izdano: |
Bloomington, Indiana :
Third Woman,
1987.
|
| Teme: | |
| Oznake: |
Označite
Brez oznak, prvi označite!
|
MARC
| LEADER | 000000000a22000000004500 | ||
|---|---|---|---|
| 001 | 004480 | ||
| 020 | |a 0943219027 | ||
| 041 | 0 | |a eng | |
| 082 | 0 | 4 | |a PR861.4 |b U52m |
| 100 | 1 | |a Umpierre-Herrera, Luz María, |d 1947- | |
| 245 | 1 | 4 | |a The margarita poems / |c Luz María Umpierre-Herrera. |
| 260 | 1 | |a Bloomington, Indiana : |b Third Woman, |c 1987. | |
| 300 | |a 39 páginas | ||
| 500 | |a Parte del texto en español | ||
| 500 | |a Colección George Yúdice | ||
| 650 | 4 | |a LITERATURA PUERTORRIQUEÑA | |
| 650 | 4 | |a POEMAS | |
| 999 | |c 10639 |d 10639 | ||
| 942 | |c BK |h PR861.4 U52m |2 z | ||



